Welcome to the Holygrace Academy Library

Please use search bar below to get started

TAES FROM HITOPADESHA- HOW FRIENDS (Record no. 8776)

MARC details
000 -LEADER
fixed length control field 00329nam a22001217a 4500
082 ## - DEWEY DECIMAL CLASSIFICATION NUMBER
Classification number 823
Item number PAI/T
100 ## - MAIN ENTRY--AUTHOR NAME
Personal name PAI, ANAND
245 ## - TITLE STATEMENT
Title TAES FROM HITOPADESHA- HOW FRIENDS
246 ## - VARYING FORM OF TITLE
Title proper/short title TAES FROM HITOPADESHA- HOW FRIENDS
Remainder of title TAES FROM HITOPADESHA- HOW FRIENDS
260 ## - PUBLICATION, DISTRIBUTION, ETC. (IMPRINT)
Place of publication INDIA BOOK HOUSE
650 ## - SUBJECT ADDED ENTRY--TOPICAL TERM
Topical Term ENGLISH STORIES
942 ## - ADDED ENTRY ELEMENTS (KOHA)
Koha item type Books
Holdings
Withdrawn status Lost status Collection code Home library Current library Date acquired Source of acquisition Cost, normal purchase price Full call number Accession Number Koha item type
  Lost Fiction Main Library Main Library 13/03/2002 PURCHASED 16.00 823 PAI/T 00524 Books